Govt. of
Madhya Pradesh

मॉरिशस हिन्‍दी साहित्‍य (Record no. 68274)

MARC details
000 -LEADER
fixed length control field 00380nam a22001097a 4500
082 ## - DEWEY DECIMAL CLASSIFICATION NUMBER
Classification number 800
100 ## - MAIN ENTRY--AUTHOR NAME
Personal name गांयनका, कमल किशोर
245 ## - TITLE STATEMENT
Title मॉरिशस हिन्‍दी साहित्‍य
260 ## - PUBLICATION, DISTRIBUTION, ETC. (IMPRINT)
Place of publication दिल्‍ली
Name of publisher स्‍वराज प्रकाशन
Year of publication 2020
650 ## - SUBJECT ADDED ENTRY--TOPICAL TERM
Topical Term साहित्‍य
942 ## - ADDED ENTRY ELEMENTS (KOHA)
Koha item type Hindi Books
Holdings
Withdrawn status Lost status Damaged status Not for loan Home library Current library Date acquired Cost, normal purchase price Full call number Accession Number Price effective from Koha item type
        MACL MACL 12/10/2025 750.00 800 CRH038924 12/10/2025 Hindi Books